MARC

LEADER 00000nas a22000005i 4500
001 ssj0001700015
003 WaSeSS
005 20200512172242.0
006 m d
007 cr n
008 141119c20149999sa uu p s 0 0eng
010 |a  2016243285 
016 7 |a 101646666  |2 DNLM 
016 7 |a 018015681  |2 Uk 
022 |l 2312-0053  |y 2312-0053 
035 |a (WaSeSS)ssj0001700015 
040 |a NLM  |b eng  |c NLM  |d OCLCO  |d CUS  |d OCLCO  |d OCLCF  |d OCLCA  |d UKMGB  |d OCLCA  |d WaSeSS 
042 |a pcc 
050 1 4 |a RC109 
060 0 0 |a W1  |b SO925H 
210 1 0 |a S Afr J Infect Dis  |2 dnlm 
245 0 0 |a Southern African journal of infectious diseases  |h [electronic resource]. 
246 1 |a SAJID 
260 |a [Centurion] :  |b Medpharm Publications (Pty) Ltd.,  |c 2014- 
310 |a Quarterly 
362 1 |a Began with: Vol. 29, no. 1 (2014). 
506 |a License restrictions may limit access. 
588 |a Description based on: Volume 31, number 1 (2016); title from cover. 
588 |a Latest issue consulted: Volume 31, number 1 (2016). 
650 0 |a Communicable diseases  |v Periodicals. 
650 1 2 |a Communicable Diseases. 
650 7 |a Communicable diseases.  |2 fast  |0 (OCoLC)fst00869883 
655 0 |a Electronic journals. 
710 2 |a Federation of Infectious Diseases Societies of South Africa. 
710 2 |a Public Health Association of South Africa. 
780 0 0 |t Southern African journal of epidemiology & infection  |x 1015-8782  |w (OCoLC)20101007 
850 |a DNLM 
856 4 0 |z Full text available from Research Library: 01/01/2014 to present  |u https://search.proquest.com/publication/3933332